Catálogo - Centro de Recursos para el Aprendizaje y la Investigación

Volver al Sitio - CRAI Biblioteca

Surveying / (Registro nro. 114372)

Detalles MARC
000 -CABECERA
campo de control de longitud fija 00775cam a22002531 4500
001 - NÚMERO DE CONTROL
campo de control 10278220
003 - IDENTIFICADOR DEL NÚMERO DE CONTROL
campo de control DR-UNIBE
005 - FECHA Y HORA DE LA ÚLTIMA TRANSACCIÓN
campo de control 20260512062602.0
008 - DATOS DE LONGITUD FIJA--INFORMACIÓN GENERAL
campo de control de longitud fija 721005s1957 xxua b 000 0 eng
035 ## - NÚMERO DE CONTROL DEL SISTEMA
Número de control de sistema 10278220
035 ## - NÚMERO DE CONTROL DEL SISTEMA
Número de control de sistema (OCoLC)423038
040 ## - FUENTE DE LA CATALOGACIÓN
Centro catalogador/agencia de origen DLC
Centro/agencia transcriptor ODaU
Centro/agencia modificador OCoLC
-- MCM
-- Uk
-- DLC
-- BIBLIOTECA UNIBE
Normas de descripción rda
041 ## - CÓDIGO DE LENGUA
Código de lengua del texto/banda sonora o título independiente eng
082 ## - NÚMERO DE LA CLASIFICACIÓN DECIMAL DEWEY
Número de clasificación 526.98 B832s 1957
100 ## - ENTRADA PRINCIPAL--NOMBRE DE PERSONA
Nombre de persona Breed, Charles Blaney,
Fechas asociadas al nombre 1875-1958
Término indicativo de función/relación autor
9 (RLIN) 202064
245 10 - MENCIÓN DE TÍTULO
Título Surveying /
Mención de responsabilidad, etc. Charles B. Breed,
250 ## - MENCIÓN DE EDICIÓN
Mención de edición Segunda edición
260 ## - PUBLICACIÓN, DISTRIBUCIÓN, ETC.
Lugar de publicación, distribución, etc. New York :
Nombre del editor, distribuidor, etc. John Wiley & Sons,
Fecha de publicación, distribución, etc. 1957
300 ## - DESCRIPCIÓN FÍSICA
Extensión 495 páginas :
Otras características físicas ilustraciones
504 ## - NOTA DE BIBLIOGRAFÍA, ETC.
Nota de bibliografía, etc. Includes bibliographical references.
650 #7 - PUNTO DE ACCESO ADICIONAL DE MATERIA--TÉRMINO DE MATERIA
Término de materia o nombre geográfico como elemento de entrada Topografía
9 (RLIN) 202067
Fuente del encabezamiento o término lemb
700 ## - PUNTO DE ACCESO ADICIONAL--NOMBRE DE PERSONA
Nombre de persona Bone, Alexander J.
Término indicativo de función/relación revisor
9 (RLIN) 202120
942 ## - ELEMENTOS DE PUNTO DE ACCESO ADICIONAL (KOHA)
Fuente del sistema de clasificación o colocación Sistema de Clasificación Decimal Dewey
Tipo de ítem Koha Libro (general)
Existencias
Estado de retiro Estado de pérdida Fuente del sistema de clasificación o colocación No para préstamo Código de colección Localización permanente Ubicación/localización actual Fecha de adquisición Total de préstamos Signatura topográfica completa Código de barras Fecha visto por última vez Número de copia Precio válido a partir de Tipo de ítem Koha
  Disponible Sistema de Clasificación Decimal Dewey   General Biblioteca Central UNIBE Biblioteca Central UNIBE 30/12/2025   526.98 B832s 1957 251168 05/02/2026 Ej. 1 05/02/2026 Libro (general)